01163nam a22001697a 4500003000500000005001700005008004100022020001800063082002100081100001700102245009800119260004200217300001600259505066300275650002500938651003000963NUST20251218094722.0251217b ||||| |||| 00| 0 eng d a9786968535742 a954.91009581,LAT aLatif, Zahid aPakistan's Search for Peace with Afghanistan:bStatecraft, Policy and Strategy /cZahid Latif aNUST PressbIslamabad, Pakistanc2025 axxii, 216 p aIntroduction (Page-1), Genesis of Pakistan Afghan Policy (1947-1992) and The Nature of Its Ethnic Leaning (Page-39), Pakistan Post-Cold War Policy Towards Afghanistan and the Deepening of Its Ethnic Orientation (Page-59), Application of Pakistan's Military Instrument in Support of Post-9/11 Afghan Policy (Page-103), Pakistan's Policy and The Indo-U.S Presence in Afghanistan ((Page-120), Collapse of The Islamic Republic of Afghanistan and the Resurgence of the Taliban (Page-141), Some Reflections on the Perpetual Issues of Afghan Policy (Page-146), Future Policy and Interdependence (Page-163), Statecraft, Policy and Strategy for the Future (Page-181). aPak-Afghan Relations aPakistan's Foreign Policy